000 00668cam a22002053a 4500
001 40932
003 PGUSA
005 20140828083924.0
008 121004s2012||||xxu|||||s|||||000 | eng d
040 _aPGUSA
_beng
042 _adc
100 1 _aHulbert, Archer Butler,
_d1873-1933
245 1 0 _aHistoric Highways of America (Vol. 3) :
_bWashington's Road and The First Chapter of the Old French War
_h[electronic resource] /
_cArcher Butler Hulbert
260 _bProject Gutenberg,
_c2012
506 _aPublic domain in the USA.
516 _aElectronic text
830 0 _aProject Gutenberg
_v40932
856 4 0 _uhttp://www.gutenberg.org/ebooks/40932
942 _cEB
999 _c270184
_d270184